000 00475nam a22001817a 4500
008 180809b xxu||||| |||| 00| j tur d
020 _a9754941122
041 _atur
050 _aPL248
100 _91239
_aHatice Bilen
245 _aUmursanmayan Kadınlar : Öyküler
250 _a1.Basım
260 _aAnkara
_bBilgi Yayınevi
_cAğustos 1989
300 _a143 sayfa
500 _aBilgi Yayınları : 307
650 0 _9145
_aTürk Edebiyatı
942 _2lcc
_cBK
999 _c2368
_d2327